L'électricité en France

সংরক্ষণ করুন:
গ্রন্থ-পঞ্জীর বিবরন
প্রধান লেখক: Rousseau, Henri
বিন্যাস: গ্রন্থ
ভাষা:Undetermined
প্রকাশিত: Paris Presses Universitaires de France 1970
বিষয়গুলি:
ট্যাগগুলো: ট্যাগ যুক্ত করুন
কোনো ট্যাগ নেই, প্রথমজন হিসাবে ট্যাগ করুন!
Thư viện lưu trữ: Trung tâm Học liệu Trường Đại học Cần Thơ
LEADER 00479nam a2200181Ia 4500
001 CTU_78458
008 210402s9999 xx 000 0 und d
082 |a 621.381 
082 |b R864 
100 |a Rousseau, Henri 
245 0 |a L'électricité en France 
245 0 |c Henri Rousseau 
260 |a Paris 
260 |b Presses Universitaires de France 
260 |c 1970 
650 |a Electricity 
650 |z France 
980 |a Trung tâm Học liệu Trường Đại học Cần Thơ